000 00934nam a2200241 4500
003 OSt
005 20260530115306.0
008 260420b1994 mx a|||| |||| 00| 0 spa d
040 _aICI
_bspa
_cICI
050 _aRA9 4.M64
_bM424
100 1 _aInstituto de Ingeniería UNAM • ISSSTE
_931985
245 0 0 _a Ultima piedra :
_bCentro Medico Nacional 20 de noviembre
264 1 _b ISSSTE :
_bUNAM, Instituto de Ingenieria,
_c1994
_aMéxico :
300 _a206 páginas
336 _atexto
_2rdacontent
337 _asin medio
_2rdamedia
338 _avolumen
_2rdacarrier
650 _aCentro Medico Nacional 20 de Noviembre
_931986
650 _aEdificios sanitarios |x Diseño y construcción
_z México
_931987
710 2 _aInstituto de Seguridad y Servicios Sociales de los Trabajadores del Estado (México)
_931988
710 2 _aUniversidad Nacional Autónoma de México.
_bInstituto de Ingeniería
_931989
942 _2lcc
_cBK
999 _c13101
_d13101